Dictionnaire des civilisations africaines. (Record no. 127468)
[ view plain ]
| 000 -LEADER | |
|---|---|
| fixed length control field | 00825cam a22002411 4500 |
| 001 - CONTROL NUMBER | |
| control field | 8029575 |
| 003 - CONTROL NUMBER IDENTIFIER | |
| control field | ARRUPE |
| 005 - DATE AND TIME OF LATEST TRANSACTION | |
| control field | 20180124083642.0 |
| 008 - FIXED-LENGTH DATA ELEMENTS--GENERAL INFORMATION | |
| fixed length control field | 750718s1968 fr a 000 0 fre |
| 010 ## - LIBRARY OF CONGRESS CONTROL NUMBER | |
| LC control number | 68123811 |
| 035 ## - SYSTEM CONTROL NUMBER | |
| System control number | (OCoLC)1458910 |
| 040 ## - CATALOGING SOURCE | |
| Original cataloging agency | DLC |
| Transcribing agency | CtY |
| Modifying agency | NN |
| -- | DLC |
| 042 ## - AUTHENTICATION CODE | |
| Authentication code | premarc |
| 050 00 - LIBRARY OF CONGRESS CALL NUMBER | |
| Classification number | REF. DT352.4 |
| Item number | .D52 |
| 300 ## - PHYSICAL DESCRIPTION | |
| Dimensions | 24 cm. |
| 245 10 - TITLE STATEMENT | |
| Title | Dictionnaire des civilisations africaines. |
| Statement of responsibility, etc | Edited by Georges Balandier and Jacques Maquet]. |
| 260 ## - PUBLICATION, DISTRIBUTION, ETC. (IMPRINT) | |
| Place of publication, distribution, etc | Paris, |
| Name of publisher, distributor, etc | Fernand Hazan, |
| Date of publication, distribution, etc | 1968 |
| 300 ## - PHYSICAL DESCRIPTION | |
| Extent | 448 p. |
| 651 #0 - SUBJECT ADDED ENTRY--GEOGRAPHIC NAME | |
| Geographic name | Africa, Sub-Saharan |
| General subdivision | Civilization |
| Form subdivision | Dictionaries. |
| 9 (RLIN) | 38803 |
| 700 1# - ADDED ENTRY--PERSONAL NAME | |
| Personal name | Maquet, Jacques Jérôme Pierre, |
| Dates associated with a name | 1919- |
| 9 (RLIN) | 38804 |
| 906 ## - LOCAL DATA ELEMENT F, LDF (RLIN) | |
| a | 7 |
| b | cbc |
| c | oclcrpl |
| d | u |
| e | ncip |
| f | 19 |
| g | y-gencatlg |
| 942 ## - ADDED ENTRY ELEMENTS (KOHA) | |
| Source of classification or shelving scheme | Library of Congress Classification |
| Koha item type | Monograph ( Printed materials) |
| Withdrawn status | Lost status | Source of classification or shelving scheme | Damaged status | Not for loan | Collection code | Home library | Current library | Shelving location | Date acquired | Total Checkouts | Full call number | Barcode | Date last seen | Price effective from | Koha item type |
|---|---|---|---|---|---|---|---|---|---|---|---|---|---|---|---|
| Library of Congress Classification | REFERENCE | ARRUPE LIBRARY | ARRUPE LIBRARY | REFERENCE | 24/01/2018 | REF. DT352.4 .D52 | 46600000822 | 24/01/2018 | 24/01/2018 | REFERENCE |